Management of Macular Hemorrhage

Sub- or preretinal hemorrhage involving the macula is a typical complication in a variety of ocular diseases, including age-related macular degeneration, arterial macroaneurysm, Valsalva retinopathy, and trauma. However, there is currently no consensus regarding the ideal treatment for macular hemor...

Full description

Bibliographic Details
Corporate Author: SpringerLink (Online service)
Other Authors: Hattenbach, Lars-Olof (Editor, http://id.loc.gov/vocabulary/relators/edt)
Format: Electronic eBook
Language:English
Published: Cham : Springer International Publishing : Imprint: Springer, 2018.
Edition:1st ed. 2018.
Subjects:
Online Access:Full Text via HEAL-Link
LEADER 03283nam a2200433 4500
001 978-3-319-65877-3
003 DE-He213
005 20190620131336.0
007 cr nn 008mamaa
008 180502s2018 gw | s |||| 0|eng d
020 |a 9783319658773  |9 978-3-319-65877-3 
024 7 |a 10.1007/978-3-319-65877-3  |2 doi 
040 |d GrThAP 
050 4 |a RE1-994 
072 7 |a MJQ  |2 bicssc 
072 7 |a MED063000  |2 bisacsh 
072 7 |a MJQ  |2 thema 
082 0 4 |a 617.7  |2 23 
245 1 0 |a Management of Macular Hemorrhage  |h [electronic resource] /  |c edited by Lars-Olof Hattenbach. 
250 |a 1st ed. 2018. 
264 1 |a Cham :  |b Springer International Publishing :  |b Imprint: Springer,  |c 2018. 
300 |a IX, 96 p. 81 illus., 75 illus. in color.  |b online resource. 
336 |a text  |b txt  |2 rdacontent 
337 |a computer  |b c  |2 rdamedia 
338 |a online resource  |b cr  |2 rdacarrier 
347 |a text file  |b PDF  |2 rda 
505 0 |a Types of Macular Hemorrhages and Clinical Appearance -- Macular Hemorrhage: Natural Course and Risk Factors -- Classification of Subretinal Hemorrhage -- The Pathophysiology of Subretinal Hemorrhage -- Anti-VEGF and Fibrinolytic Agents for the Management of Subretinal Hemorrhage -- Minimally Invasive Surgical Approaches to the Management of Macular Hemorrhages -- Surgical Treatment of Massive Subretinal Hemorrhage -- Macular Translocation in Submacular Hemorrhage Secondary to Age-Related Macular Degeneration -- Retinal Pigment Epithelium and Choroid Translocation in Massive Submacular Hemorrhage.-Surgical and Nonsurgical Treatment of Pre-Retinal Hemorrhages -- Management of Trauma Associated Macular Hemorrhages. 
520 |a Sub- or preretinal hemorrhage involving the macula is a typical complication in a variety of ocular diseases, including age-related macular degeneration, arterial macroaneurysm, Valsalva retinopathy, and trauma. However, there is currently no consensus regarding the ideal treatment for macular hemorrhage. The purpose of this book on macular hemorrhage is twofold: it aims both to impart valuable information on pathophysiology, risk factors, diagnostic aspects, and prognostic criteria under different conditions and to provide a systematic overview of therapeutic approaches that cover the most important situations a vitreoretinal surgeon might encounter when treating patients with this disorder. Case presentations, clinical photographs, and an extensive review of the literature supplement the important information on clinical decision making, surgical techniques, and typical pitfalls and invite the reader to explore the advantages and disadvantages of various approaches to the management of macular hemorrhage. 
650 0 |a Ophthalmology. 
650 1 4 |a Ophthalmology.  |0 http://scigraph.springernature.com/things/product-market-codes/H44004 
700 1 |a Hattenbach, Lars-Olof.  |e editor.  |4 edt  |4 http://id.loc.gov/vocabulary/relators/edt 
710 2 |a SpringerLink (Online service) 
773 0 |t Springer eBooks 
776 0 8 |i Printed edition:  |z 9783319658759 
776 0 8 |i Printed edition:  |z 9783319658766 
776 0 8 |i Printed edition:  |z 9783030097547 
856 4 0 |u https://doi.org/10.1007/978-3-319-65877-3  |z Full Text via HEAL-Link 
912 |a ZDB-2-SME 
950 |a Medicine (Springer-11650)